Modernization without revolution; (Record no. 1517)

MARC details
000 -LEADER
fixed length control field 00951nam a2200289 4500
001 - CONTROL NUMBER
control field 1244189
003 - CONTROL NUMBER IDENTIFIER
control field OSt
005 - DATE AND TIME OF LATEST TRANSACTION
control field 20230620095225.0
008 - FIXED-LENGTH DATA ELEMENTS--GENERAL INFORMATION
fixed length control field 731205s1973 inu bs 001 0 eng
010 ## - LIBRARY OF CONGRESS CONTROL NUMBER
LC control number 72085854
020 ## - INTERNATIONAL STANDARD BOOK NUMBER
International Standard Book Number 0253338700
040 ## - CATALOGING SOURCE
Original cataloging agency DLC
Transcribing agency DLC
Modifying agency DLC
043 ## - GEOGRAPHIC AREA CODE
Geographic area code a-le---
082 00 - DEWEY DECIMAL CLASSIFICATION NUMBER
Classification number 309.23
Item number SAL
100 1# - MAIN ENTRY--PERSONAL NAME
Personal name Salem, Elie Adib.
245 10 - TITLE STATEMENT
Title Modernization without revolution;
Remainder of title Lebanon's experience.
260 ## - PUBLICATION, DISTRIBUTION, ETC. (IMPRINT)
Place of publication, distribution, etc. Bloomington,
Name of publisher, distributor, etc. Indiana University Press
Date of publication, distribution, etc. [1973]
300 ## - PHYSICAL DESCRIPTION
Extent xiv, 174 p.
Dimensions 22 cm.
490 1# - SERIES STATEMENT
Series statement International Development Research Center, Indiana University. Studies in development, no. 6
504 ## - BIBLIOGRAPHY, ETC. NOTE
Bibliography, etc Includes bibliographical references.
651 #0 - SUBJECT ADDED ENTRY--GEOGRAPHIC NAME
Geographic name Lebanon
General subdivision Politics and government.
651 #0 - SUBJECT ADDED ENTRY--GEOGRAPHIC NAME
Geographic name Lebanon
General subdivision Economic policy.
651 #0 - SUBJECT ADDED ENTRY--GEOGRAPHIC NAME
Geographic name Lebanon
General subdivision Social policy.
830 #0 - SERIES ADDED ENTRY--UNIFORM TITLE
Uniform title Studies in development (Bloomington)
Volume number/sequential designation no. 6.
906 ## - LOCAL DATA ELEMENT F, LDF (RLIN)
a 7
b cbc
c orignew
d 2
e opcn
f 19
g y-gencatlg
942 ## - ADDED ENTRY ELEMENTS (KOHA)
Source of classification or shelving scheme Dewey Decimal Classification
Koha item type Books
Holdings
Withdrawn status Lost status Source of classification or shelving scheme Damaged status Not for loan Home library Current library Date acquired Total Checkouts Full call number Barcode Date last seen Price effective from Koha item type
    Dewey Decimal Classification     County Hall Archives County Hall Archives 06/20/2023   309.23 SAL 10000820 06/20/2023 06/20/2023 Books
LIBRARY OPENING HOURS

When the Parliament is sitting: 8.00a.m - 7.00p.m or until the house adjourns
Mondays and Fridays and when the House is on Recess:  8.00a.m - 5.00p.m
Closed on Weekends and Public Holidays

Online Public Access Catalog (OPAC)
Website: http://www.parliament.go.ke
Bunge Library: https://libraryir.parliament.go.ke
Contact: library@parliament.go.ke | Tel no: (254-2)2221291 or 2848000 Ext 5043